000
00244nam a2200085Ia 4500
245
0
_a
Izinganekwane engazixoxelwa nguGogo
100
_a
Grainger, Lisa, Johannesburg, 2009
_9
77347
942
_c
BK
008
210817s9999 xx 000 0 und d
999
_c
263904
_d
263903